00659nam a2200229 a 4500001001300000003000900013005001700022008004100039020000900080082001900089100001800108245002400126260003500150300000900185500003500194650001800229700001800247902000800265942000700273952013200280999001700412nice12345678IN_TiNIC20260116015145.0070726s1989 hyda grp 000 0 tel  ac1500a294.5924bVIN2 aVinoba, Bhave aGita Pravachanamulo aHyderabadbGandhi Darsanc1989 a356p aincludes index and biblioraphy aBhagavad Gita1 aVinoba, Bhave bSRS cBK 001040708StackRoom-aHMIbHMId2007-07-26g15.00l1o294.5924 VIN2p11000525r2016-08-05s2016-07-20v15.00w2007-07-26yBK c18544d18544